书目信息 |
| 题名: |
室内空间设计
|
|
| 作者: | 李朝阳 编著 | |
| 分册: | ||
| 出版信息: | 北京 中国建筑工业出版社 2021.7 |
|
| 页数: | 124页 | |
| 开本: | 22cm | |
| 丛书名: | ||
| 单 册: | ||
| 中图分类: | TU238.2 | |
| 科图分类: | ||
| 主题词: | 室内装饰设计--高等学校--教材 | |
| 电子资源: | ||
| ISBN: | 978-7-112-26208-3 | |
| 000 | 01330nam0 2200253 450 | |
| 001 | 2021108157 | |
| 005 | 20210621121414.0 | |
| 010 | @a978-7-112-26208-3@dCNY48.00 | |
| 100 | @a20210621d2021 em y0chiy0110 ea | |
| 101 | 0 | @achi |
| 102 | @aCN@b110000 | |
| 105 | @ay z 000yy | |
| 106 | @ar | |
| 200 | 1 | @a室内空间设计@9shi nei kong jian she ji@f李朝阳编著 |
| 205 | @a4版 | |
| 210 | @a北京@c中国建筑工业出版社@d2021.7 | |
| 215 | @a124页@d22cm | |
| 300 | @a普通高等教育“十一五”国家级规划教材 高等学校环境艺术设计专业教学丛书暨高级培训教材 | |
| 330 | @a本书是在第三版的基础上修订的第四版。本书从空间的角度系统地阐述了室内空间设计的基本概念、基本原则和设计方法。内容强调室内空间设计是对建筑空间的再创造和具体深化,空间是建筑的主体,是室内设计的重点表现对象。本书主要阐述空间的功能、比例、尺度、虚实的变化,以及这些变化给人带来的生理和心理感受。此外,还对空间的分隔与联系、空间的组织、空间与形状、色彩、采受。此外,还对空间的分隔与联系、空间的组织、空间与形状、色彩、采光、质感之间的相互关系等也作了介绍,并从设计原则和设计方法上作了进一步诠释。本书可供高等院校环境艺术设计专业的教师、学生使用,同时也可供室内设计师、建筑师、景观设计师使用。 | |
| 606 | 0 | @a室内装饰设计@x高等学校@j教材 |
| 690 | @aTU238.2@v5 | |
| 701 | 0 | @a李朝阳@9li chao yang@4编著 |
| 801 | 0 | @aCN@b人天书店@c20210621 |
| 905 | @aTSG@dTU238.2@eL138@f2 | |
| 室内空间设计/李朝阳编著.-4版.-北京:中国建筑工业出版社,2021.7 |
| 124页;22cm |
| 普通高等教育“十一五”国家级规划教材 高等学校环境艺术设计专业教学丛书暨高级培训教材 |
| ISBN 978-7-112-26208-3:CNY48.00 |
| 本书是在第三版的基础上修订的第四版。本书从空间的角度系统地阐述了室内空间设计的基本概念、基本原则和设计方法。内容强调室内空间设计是对建筑空间的再创造和具体深化,空间是建筑的主体,是室内设计的重点表现对象。本书主要阐述空间的功能、比例、尺度、虚实的变化,以及这些变化给人带来的生理和心理感受。此外,还对空间的分隔与联系、空间的组织、空间与形状、色彩、采受。此外,还对空间的分隔与联系、空间的组织、空间与形状、色彩、采光、质感之间的相互关系等也作了介绍,并从设计原则和设计方法上作了进一步诠释。本书可供高等院校环境艺术设计专业的教师、学生使用,同时也可供室内设计师、建筑师、景观设计师使用。 |
| ● |
| 相关链接 |
|
|
|
正题名:室内空间设计
索取号:TU238.2/L138
 
预约/预借
| 序号 | 登录号 | 条形码 | 馆藏地/架位号 | 状态 | 备注 |
| 1 | 1550023 | 215500232 | 建筑库101/101建筑库 55排4列5层/ [索取号:TU238.2/L138] | 在馆 | |
| 2 | 1550024 | 215500241 | 建筑库101/101建筑库 55排4列5层/ [索取号:TU238.2/L138] | 在馆 |